| 000 | 00399cam a22001097a 4500 | ||
|---|---|---|---|
| 008 | 180718b1989 xxu||||| |||| 00| 0 eng d | ||
| 082 | _aI513x54 In2pr | ||
| 245 |
_aWorking of the Lok Sabha Secretariat proceedings of the Seminar (December 1-2, 1988: New Delhi) _cby Lok Sabha Secretariat |
||
| 260 |
_aNew Delhi _bLok Sabha Secretariat _c1989 |
||
| 300 | _a70+p. | ||
| 700 | _aIndia. Lok Sabha Secretariat | ||
| 999 |
_c491245 _d491245 |
||